| 000 | 00998nam a2200253 i 4500 | ||
|---|---|---|---|
| 001 | 34498 | ||
| 003 | ES-MaACL | ||
| 005 | 20240512063033.0 | ||
| 007 | t| | ||
| 008 | 030207s1910 sp |||| | spa d | ||
| 040 | _cES-MaACL | ||
| 080 | _a725.945(042) | ||
| 100 | 1 |
_aBlay, Miguel, _929430 _d1866-1936 _eaut |
|
| 245 | 1 | 0 |
_aEl monumento público : _bdiscursos leídos ante la Real Academia de Bellas Artes de San Fernando en la recepción pública del... Sr. D. Miguel Blay, el día 22 de mayo de 1910 / _c[contestación del Sr. D. José Ramón Mélida] |
| 260 |
_aMadrid : _b[Real Academia de Bellas Artes de San Fernando], _c1910. |
||
| 300 |
_a50 páginas ; _c27 cm. |
||
| 650 | 7 |
_aMonumentos _9151573 |
|
| 700 | 1 |
_aMélida y Alinari, José Ramón, _d1856-1933 _979969 _eaut |
|
| 710 | 2 |
_aReal Academia de Bellas Artes de San Fernando. _96291 |
|
| 852 |
_aES-MaACL _cDEPOF _jT-1187-F-10 |
||
| 942 |
_cFOLLETOS _n0 |
||
| 999 |
_c34498 _d34498 |
||